000 00761nam a22002657a 4500
003 CHAP
005 20220329133852.0
008 971013s r 00010 d
010 _a12038
011 _a13010
035 _a17081
040 _cCHAP
090 _aFolleto 7548
100 0 0 _aBaruco, C.
_910657
245 _aEvaluación de variedades de frijol de Bejuco (Vigna sinensis)
300 _a6 h.
590 _aBATCH-UPD
_b10
_c20130110
_lUCH01
_h2213
590 _aBATCH-UPD
_b10
_c20130410
_lUCH01
_h1515
590 _aBATCH-UPD
_b10
_c20130914
_lUCH01
_h0928
590 _aCONVERSION
_b10
_c20130109
_lUCH01
_h1308
650 1 4 _aChícharo de vaca.
_922843
901 _aBK
942 _cFOLL
949 _aFolleto 7548
_bBC
_cFOLL
_d-40601
_eTS1
_i17081
_si
999 _c12038
_d12038